| 000 | 00452nam a22001697a 4500 | ||
|---|---|---|---|
| 003 | CEME | ||
| 005 | 20210628201940.0 | ||
| 008 | 210129b xxu||||| |||| 00| 0 eng d | ||
| 040 | _c. | ||
| 082 | _a297.122 CAL | ||
| 100 |
_aMuhammad Jameel Khan _957544 |
||
| 245 | _aKuleed ul quran,qurani ayaat talash kernaay kha asaan tarika | ||
| 260 |
_aLAHORE _bADBISTAN _c2000 |
||
| 300 | _a963P | ||
| 650 |
_aISLAM-KULEED UL QURAN _957545 |
||
| 942 |
_cBK _2ddc |
||
| 999 |
_c567817 _d567817 |
||